LEADER 01457nam a2200313 4500 001 000000359204 003 CaOOAMICUS 005 20240802161904.0 008 240802s1993 it 000 u ita r 020 $a88-382-3699-2 040 $aSeMil$bita 100 1 $aVecchio, Giorgio,$d<1950- >.$0(OLS)http://semarc/name/6973 245 10$aPacifisti e obiettori nell'Italia di De Gasperi :$b1948-1953 /$cGiorgio Vecchio ; [prefazione di Ottavio Barié]. 264 1$aRoma :$bStudium,$c1993. 300 $a348 p. ;$c21 cm 490 1 $aLa cultura ;$v54 650 4$aPacifismo - Italia - 1948-1953.$0(OLS)http://semarc/subject/42876 650 4$aObiezione di coscienza - Italia - 1948-1953.$0(OLS)http://semarc/subject/56137 650 4$aItalia - Storia - Sec. 20.$0(OLS)http://semarc/subject/254 650 4$aItalia - Politica estera - 1948-1953.$0(OLS)http://semarc/subject/56138 700 1 $aBarič, Ottavio,$d<1923-2021>.$0(OLS)http://semarc/name/40469 830 3$aLa cultura ;$v54.$0(OLS)http://semarc/title/6877 850 $aSeMil 852 $aSeMil$W1$xVenegono$y1$m3V II 431$j250082$B250250$CSeMilBibl$Z2$F250250 $81 961 $aPerego don Stefano - Omaggio 996 $6020$a88-382-3699-2$9(OLS)http://semarc/number/300926 996 $6245$aPacifisti e obiettori nell'Italia di De Gasperi :$b1948-1953$9(OLS)http://semarc/title/449651 996 $6264$aRoma :$bStudium$9(OLS)http://semarc/publisher/29617 LEADER 00979nam a2200229 i 4500 001 000000070486 003 CaOOAMICUS 005 20080821000000.0 008 080821s1976 it u000 u ita u 013 $a41658 040 $aSeMil$bita 100 1 $aMartinetti, Piero,$d<1871-1943>.$0(OLS)http://semarc/name/4975 245 10$a1 /$cPiero Martinetti. 260 $aMilano :$bEdizioni di Comunitā,$c1976. 300 $aXXVII, 796 p. ;$c21 cm. 490 0 $aSaggi di cultura contemporanea ;$v118./1 773 0 $aMartinetti, Piero <1871-1943>$tScritti di metafisica e di filosofia della religione.$dMilano : Edizioni di Comunitā, 1976.$g1$w()19953 830 0$aSaggi di cultura contemporanea ;$v118./1.$0(OLS)http://semarc/title/7468 850 $aSeMil 852 $aSeMil$W1$xVenegono$y1$m2P II 394$j36639$B36639$CSeMilBibl$Z2$F36642 $81 996 $6245$a1$9(OLS)http://semarc/title/46247 996 $6260$aMilano :$bEdizioni di Comunitā$9(OLS)http://semarc/publisher/31458